01414nam a2200265Ia 4500003000400000005001700004008004100021020001800062040002100080041000800101082002600109100004000135245014900175260003600324300009200360504004600452505035200498650004500850650002800895650002600923700003900949942001200988999001701000952013101017OSt20220118093512.0210310s2013 nyuado er 000 0 eng d a9780415812822 aCO-JMCRcCO-JMCR0 aeng04a338. 642 /bT367e2231 aThanh Thai, Mai Thi, eautor92797510aEntrepreneurship in the informal economy : bmodels, approaches and prospects for economic development /cMai Thi Thanh Thai, Ekaterina Turkina  aNew York : bRoutledge, c2013. a284 páginas : bilustraciones, gráficas y fotografías a blanco y negro ; c23 cm. aBibliografía al final de cada capitulo. aDeterminants of Informal Entrepreneurship. -- Determinants of Informal Entrepreneurship. -- Organizational Forms of Informal Entrepreneurship. -- Institutional Environment for Informal Entrepreneurship. -- Sociocultural Contexts of Informal Entrepreneurship. -- The Role of Informal Entrepreneurship in Economic Development. -- Concluding Remarks.14aInformación sector económico 94190224aDesarrollo económico 24aEmprendimeinto9419031 aTurkina, Ekaterina, eautor941904 2ddccBK c12346d12346 00102ddc4070aCPLbCPLcPROCd2021-03-10eDonacióno338.642 / T367ep430005862r2024-05-16 00:00:00tEj.1w2021-03-10yBK